| 000 | 00696nam a2200193Ia 4500 | ||
|---|---|---|---|
| 008 | 151121s9999||||xx |||||||||||||| ||und|| | ||
| 082 | _a181।4/गांधी | ||
| 082 | _bHNW-19981 | ||
| 100 | _aगांधी महात्मा | ||
| 245 | _aसंयम की स्वैराचार | ||
| 260 | _b"सुलभ राष्ट्रीय ग्रंथमाला, पुणे।" | ||
| 260 | _c-- | ||
| 300 | _a130 | ||
| 600 | _aगांधी महात्मा | ||
| 630 | _aसंयम की स्वैराचार | ||
| 700 | _aगांधी महात्मा | ||
| 730 | _aसंयम की स्वैराचार | ||
| 942 | _cBOOK | ||
| 999 |
_c1220963 _d1220960 |
||